000
00327nam a2200145Ia 4500
008
191201s2012 xx 000 0 und d
082
_a
658.15
_b
SRF
100
_a
SRIVASTAVA,Rajiv
245
0
_a
Financial Management
250
_a
IMP
260
_a
N. Delhi
_b
Oxford
_c
2012
300
_a
816
650
_a
BBA
942
_2
ddc
_c
BK
999
_c
5542
_d
5542